| 000 | 00654nam a2200145 a 4500 | ||
|---|---|---|---|
| 008 | 120416s1980 ||||||||||||||||| || u | ||
| 050 | _aHF 5415.135 Kot | ||
| 100 | _aKotler, Philip | ||
| 245 | 1 | 0 | _aMarketing decision making: a model building approach |
| 260 |
_aLondon: _bHolt, Rinehart _c1980 |
||
| 300 | _axi, 720p. : ill. | ||
| 350 | _a0.00 | ||
| 995 |
_aBINDERY (DAMAGED) _D0.00 _e705317 _FCBU-MAIN LIBRARY (Kitwe) _H1 _I0.00 _jHF 5415.135 Kot _M1 _UDAMAGED _y705317 _ZMain Library Open Access Collection |
||
| 995 |
_aBINDERY (DAMAGED) _D0.00 _e704486 _FCBU-MAIN LIBRARY (Kitwe) _H2 _I0.00 _jHF 5415.135 Kot _M2 _UDAMAGED _y704486 _ZMain Library Open Access Collection |
||
| 999 |
_c82635 _d82635 |
||